The forms of color (Registro nro. 14299)

Detalles MARC
000 -LEADER
campo de control de longitud fija 00623nam a2200217 i 4500
001 - NÚMERO DE CONTROL
campo de control 14299
003 - IDENTIFICADOR DE NÚMERO DE CONTROL
campo de control ES-MaACL
005 - FECHA Y HORA DE LA ÚLTIMA TRANSACCIÓN
campo de control 20230906150752.0
007 - CAMPO FIJO DE DESCRIPCIÓN FÍSICA--INFORMACIÓN GENERAL
campo de control de longitud fija t|
008 - DATOS DE LONGITUD FIJA--INFORMACIÓN GENERAL
campo de control de longitud fija 981207s1986 xxu ||||1| eng d
020 ## - NÚMERO INTERNACIONAL ESTÁNDAR DEL LIBRO
Número Internacional Estándar del Libro 0-262-07100-2
080 ## - NÚMERO DE LA CLASIFICACIÓN DECIMAL UNIVERSAL
Número de la Clasificación Decimal Universal 7.017.4
080 ## - NÚMERO DE LA CLASIFICACIÓN DECIMAL UNIVERSAL
Número de la Clasificación Decimal Universal 7.011
100 1# - ENTRADA PRINCIPAL--NOMBRE DE PERSONA
Nombre de persona Gerstner, Karl.
9 (RLIN) 56504
245 14 - MENCIÓN DEL TÍTULO
Título The forms of color
Resto del título : the interaction of visual elements /
Mención de responsabilidad, etc. Karl Gerstner.
260 ## - PUBLICACIÓN, DISTRIBUCIÓN, ETC.
Lugar de publicación, distribución, etc. Cambridge, Massachusetts :
Nombre del editor, distribuidor, etc. The MIT Press,
Fecha de publicación, distribución, etc. [1986]
300 ## - DESCRIPCIÓN FÍSICA
Extensión 179 p. :
Otras características físicas il. ;
Dimensiones 24 cm.
650 #4 - PUNTO DE ACCESO ADICIONAL DE MATERIA--TÉRMINO DE MATERIA
Término de materia o nombre geográfico como elemento de entrada Color.
9 (RLIN) 11153
650 14 - PUNTO DE ACCESO ADICIONAL DE MATERIA--TÉRMINO DE MATERIA
Término de materia o nombre geográfico como elemento de entrada Espacio (Arte)
9 (RLIN) 12461
852 ## - LOCALIZACIÓN
Ubicación ES-MaACL
Número de control de estantería L-21502
Sublocalización o colección R.118983
Existencias
Estatus retirado Estado de pérdida Estado de daño No para préstamo Biblioteca de origen Biblioteca actual Ubicación en estantería Fecha de adquisición Fuente de adquisición Total de préstamos Signatura topográfica completa Código de barras Visto por última vez Precio de reemplazo Tipo de ítem Koha
        Biblioteca del Ateneo de Madrid Biblioteca del Ateneo de Madrid Depósito 2 17/01/2008     L-21502 1014546 23/02/2023 23/02/2023 Libro impreso